000 00493nam a2200157Ia 4500
005 20250417152108.0
008 231217s9999 xx 000 0 und d
020 _a9788131413197
082 _a658.4063 ALA;1 R
100 _aAlagiri, Dhandapani ed.
245 0 _aIcfai University Press on corporate turnarounds : Indian and global experiences
260 _c2008
_bIcfai
_aHyderabad
300 _axiii, 200
650 _aIcfai,Press,corporate,turnarounds,global,experiences
942 _cAA
999 _c189193
_d189193